000 00802nam a22002417a 4500
005 20170124105914.0
010 _aB-160298
020 _c250.00
_a9788176464451
035 _aB-160298
037 _bCen Lib/Ret
040 _aDPL
_bEN
082 _a020.72
_bRES
100 _aP.S.G. Kumar
_91891
245 _aResearch methods and statistical techniques /
_cby P.S.G. Kumar
260 _aNew Delhi
_bB.R. Publishing Coperation
_c2004
270 _a425,Nimri Colony,Ashok Vihar, phase IV
_bNew Delhi
_e110052
300 _av, 620p.
_c23cm(pbk)
490 _aKumar's curriculum series in library and information science ; no, 10
500 _aIncludes index
650 _aLibrary Science
_9105262
650 _aResearch-Library Science
_9105263
942 _2ddc
_cEN
_h020.72
_mRES
999 _c122718
_d122718